书目信息 |
| 题名: |
2013年法律硕士联考考试大纲配套练习
|
|
| 作者: | 朱力宇 , 孟唯 主编 | |
| 分册: | ||
| 出版信息: | 北京 中国人民大学出版社 2012.08 |
|
| 页数: | 846页 | |
| 开本: | 28cm | |
| 丛书名: | ||
| 单 册: | ||
| 中图分类: | D9-44 | |
| 科图分类: | ||
| 主题词: | 法律 | |
| 电子资源: | ||
| ISBN: | 7-300-16134-0 | |
| 000 | 00702nam0 2200217 450 | |
| 001 | 1340126193 | |
| 005 | 20131028111129.70 | |
| 010 | @a7-300-16134-0@dCNY118.00 | |
| 100 | @a20131028d2012 km y0chiy0120 ea | |
| 101 | 0 | @achi |
| 102 | @aCN@b110000 | |
| 200 | 1 | @a2013年法律硕士联考考试大纲配套练习@A2013 nian fa lu shuo shi lian kao kao shi da gang pei tao lian xi@f朱力宇,孟唯主编@Fzhu li yu,meng wei zhu bian |
| 205 | @a3版 | |
| 210 | @a北京@c中国人民大学出版社@d2012.08 | |
| 215 | @a846页@d28cm | |
| 606 | 0 | @a法律 |
| 690 | @aD9-44@v4 | |
| 701 | 0 | @a朱力宇@Azhu li yu@4主编 |
| 701 | 0 | @a孟唯@Ameng wei@4主编 |
| 801 | 0 | @aCN@b大连网信软件有限公司图书馆·11@c20131028 |
| 905 | @aZUCC@dD9-44@eZ858=3 | |
| 2013年法律硕士联考考试大纲配套练习/朱力宇,孟唯主编.-3版.-北京:中国人民大学出版社,2012.08 |
| 846页;28cm |
| ISBN 7-300-16134-0:CNY118.00 |
| ● |
| 相关链接 |
|
|
|
正题名:2013年法律硕士联考考试大纲配套练习
索取号:D9-44/Z858=3
 
预约/预借
| 序号 | 登录号 | 条形码 | 馆藏地/架位号 | 状态 | 备注 |
| 1 | 492122 | 204921228 | 社科库509/509社科库 79排8列6层/ [索取号:D9-44/Z858=3] | 在馆 |